Score 0/12 Timer 02:00
0 Plays Today
Hint 4-letter word % Correct
The Princess and the _____FROG
97.7%
A kind of high school dancePROM
95.9%
It has rootsTREE
95.9%
Word on a gift tagFROM
94.9%
No such thing as this kind of lunchFREE
93.5%
WorryFRET
91.3%
Part of a campus Greek systemFRAT
87.6%
A kind of grenadeFRAG
85.9%
And properPRIM
85.8%
Gloomy, bleakGRIM
79.6%
2010 Coen Brothers film [with last rung]TRUE
56%
2010 Coen Brothers film [with first rung]GRIT
55.6%

Today's Daily Dose

Remove Ads.
Support Sporcle.
Get the best of Sporcle when you Go Orange. This ad-free experience offers more features, more stats, and more fun while also helping to support Sporcle. Thank you for becoming a member.

You're not logged in!

Compare scores with friends on all Sporcle quizzes.
OR
Log In

Show Comments

Extras

Top Quizzes Today


Score Distribution

Your Account Isn't Verified!

In order to create a playlist on Sporcle, you need to verify the email address you used during registration. Go to your Sporcle Settings to finish the process.

Report this User

Report this user for behavior that violates our Community Guidelines.

Details: